000 00748cam a22002055a 4500
001 L159085
008 110725c2014 xxkqr m s s 000 0 eng d
035 _a(Sirsi) u159085
041 0 _aeng
100 1 _aRamsay, Frank
245 0 0 _aHow old is my house?
_h[electronic resource]
260 _bLand Registry
_c2014-
520 _aClarifies which records are kept in Land Registry and summarises what other ways and resources are available when searching the age of the house.
650 2 4 _aHM LAND REGISTRY
651 _aUnited Kingdom
_y
690 _aResidential property
_96266
710 2 _aLand Registry
_95885
856 4 8 _uhttps://blog.landregistry.gov.uk/how-old-is-my-house/
_zView the article at blog.landregistry.gov.uk
942 _n0
999 _c84796
_d84796